1670 1454 1008 1052 1401 1649 1415 1265 1966 1515 1150 1001 1821 1999 1949 1745 1821 1107 1286 1867 1849 1310 1536 1851 1957 1559 1046 1799 1214 1054 1561 1781 1999 1210 1048 1973 1593 1162 1859 1631 1379 1923 1750 1292 1518 1127 1145 1461 1797 1428 1750 1743 1683 1472 1918 1357 1292 1722 2000 1006 1359 1597 1042 1649 1730 1685 1478 1823 1333 1703 1397 1548 1339 1732 1283 1856 1873 1148 1512 1754 1875 1722 1867 1515 1838 1451 1277 1925 1269 1955 1395 1195 1264 1182 1140 1017 1375 1367 1282 BCNSPRNW ULIB Ver.6.0+V

เปลี่ยนเป็นภาษาไทย

Change to English
 แสดงรายละเอียดบรรณานุกรม
  กลับหน้าหลัก

Brief Record : Get Marc (ISO 2709) : E-mail record : QR code < ปิดหน้าต่าง
LEADER : 00000nam a2200000Ia 4500
001    13399120891
003     ULIB
008    121024s2541||||th 000 0 tha d
020    ^a9746617524
041 0  ^atha^beng
099    ^aวพ.WA546^bส162ป
100    ^a สดุดี ภูห้องไสย
245 10 ^aปัจจัยที่มีผลต่อพฤติกรรมส่งเสริมสุขภาพของนักเรียนชั้นมัธยมศึกษาตอนปลาย อำเภอเมือง จังหวัดขอนแก่น =^bFactors affecting health promoting behavior among high school students Muang District Khon Kaen Province /^cสดุดี ภูห้องไสย
246 31 ^aFactors affecting health promoting behavior among high school students Muang District Khon Kaen Province
260    ^a^c2541
300    ^aก-ญ, 226 แผ่น ;^c30 ซม.
502    ^aวิทยานิพนธ์ (วท.ม. (สาธารณสุขศาสตร์))--มหาวิทยาลัยมหิดล, 2541
610 24 ^aมหาวิทยาลัยมหิดล^xวิทยานิพนธ์
610 24 ^aมหาวิทยาลัยมหิดล. ^bคณะสาธารณสุขศาสตร์^xวิทยานิพนธ์
650  4 ^aการส่งเสริมสุขภาพ^zไทย^zขอนแก่น
650  4 ^aพฤติกรรมด้านสุขภาพ^xในวัยรุ่น
691    ^aวท.ม. (2541)
692    ^aอนามัยครอบครัว (มหาวิทยาลัยมหิดล 2541)
700 0  ^aจรวยพร สุภาพ,^eที่ปรึกษา
710 2  ^aมหาวิทยาลัยมหิดล
710 2  ^aมหาวิทยาลัยมหิดล. ^bคณะสาธารณสุขศาสตร์
945    ^p0^l0^i032866
995    ^a เกษร
999    ^aใช้งานได้ทุกระบบ
รายการนี้ยังไม่มีแท็ก
คุณยังไม่ได้ล็อกอิน คุณสามารถมีกิจกรรมร่วมกับเว็บไซต์ได้ แต่ต้องล็อกอินก่อน ::
  ล็อกอิน

รายการสื่อสารสนเทศ

ลำดับที่ ประเภท เลขเรียก/บาร์โค้ด สถานที่ สถานะ
1. วิทยานิพนธ์
วิทยานิพนธ์
วพ.WA546 ส162ป  
  Barcode: 032866
ห้องสมุดวิทยาเขตสวรรค์ประชารักษ์
►วิจัย
บนชั้น

BibComment


ยังไม่เคยถูกคอมเมนท์

คอมเมนท์ทรัพยากรรายการนี้
  คอมเมนท์: ปัจจัยที่มีผลต่อ..


 Copyright 2026. Bcnsprnw @Library